Corporate quality universities : (Record no. 4266)
[ view plain ]
| 000 -LEADER | |
|---|---|
| fixed length control field | 00801nac a22001811u 4500 |
| 010 ## - LIBRARY OF CONGRESS CONTROL NUMBER | |
| LC control number | 93001268 |
| 020 ## - INTERNATIONAL STANDARD BOOK NUMBER | |
| International Standard Book Number | 1556237901 |
| 082 00 - DEWEY DECIMAL CLASSIFICATION NUMBER | |
| Classification number | 658.3124 |
| Item number | M5156 |
| 090 ## - LOCALLY ASSIGNED LC-TYPE CALL NUMBER (OCLC); LOCAL CALL NUMBER (OCLC) | |
| -- | 4266 |
| -- | 4266 |
| 100 ## - MAIN ENTRY--PERSONAL NAME | |
| Personal name | Meister, Jeanne C. |
| 245 10 - TITLE STATEMENT | |
| Title | Corporate quality universities : |
| Remainder of title | lessons in building a world-class work force / |
| Statement of responsibility, etc | Jeanne C. Meister. |
| 260 ## - PUBLICATION, DISTRIBUTION, ETC. (IMPRINT) | |
| Place of publication, distribution, etc | Alexandria, Va. : |
| Name of publisher, distributor, etc | American Society for Training and Development ; |
| Place of publication, distribution, etc | Burr Ridge, Ill. : |
| Name of publisher, distributor, etc | Irwin, |
| Date of publication, distribution, etc | c1994. |
| 300 ## - PHYSICAL DESCRIPTION | |
| Extent | xix, 255 p. : |
| Other physical details | ill. ; |
| Dimensions | 24 cm. |
| 504 ## - BIBLIOGRAPHY, ETC. NOTE | |
| Bibliography, etc | Includes bibliographical references (p. 239-242) and index. |
| 650 #0 - SUBJECT ADDED ENTRY--TOPICAL TERM | |
| Topical term or geographic name as entry element | Employees |
| General subdivision | Training of |
| Geographic subdivision | United States. |
| 942 ## - ADDED ENTRY ELEMENTS (KOHA) | |
| Item type | Book - Borrowing |
| Call number prefix | 658.3124M5156 |
| Withdrawn status | Item status | Damaged status | Not for loan | Home library | Current library | Shelving location | Date acquired | Source of acquisition | Total Checkouts | Full call number | Barcode | Date last seen | Koha item type |
|---|---|---|---|---|---|---|---|---|---|---|---|---|---|
| Central Library | Central Library | First floor | 02/09/2007 | Purchase | 658.3124 MEI | 000005193 | 15/07/2025 | Book - Borrowing |